| 000 | 00754cab a2200205 4500 | ||
|---|---|---|---|
| 001 | ABS41978 | ||
| 008 | 090401t1989 xxu||||| |||| 00| 0 eng d | ||
| 035 | _a(Sirsi) u33808 | ||
| 041 | _aeng | ||
| 245 | _aEnvironmental audits - the Kirklees State of the Environment Report | ||
| 260 | _c1989 | ||
| 350 | _a0 | ||
| 490 |
_aLocal Economy _v14(3) November 1989, 241-242(2) |
||
| 520 | _aThe Kirklees State of the Environment Report by Kirklees MDC and Friends of the Earth is the first of its kind, and has received much interest from the press and other local authorities . | ||
| 650 | _aENVIRONMENTAL CHARTER FOR LOCAL GOVERNMENT | ||
| 650 | _aGREEN ISSUES | ||
| 690 | _aENVIRONMENTAL AND LAND CONSULTANCY | ||
| 942 | _n0 | ||
| 948 | _c04/03/1997 | ||
| 999 |
_c22508 _d22508 |
||